000 00614nam a22002297a 4500
003 UA-OsUOA
001 48512
007 ta
008 20070907b un ||||| |||| 00| 0 ukr d
100 _aЕремеев Л. А.
090 _a821.161.1
_bЕ70
942 _cBK
040 _aUA-OsUOA
_brus
_cUA-OsUOA
_dUA-OsUOA
245 _aФранцузский "новый роман"
300 _a221 с.
955 _a3
041 _arus
080 _a821.161.1
260 _aК.
_bНаукова думка
_c1974
650 7 _a82 Література. Літературознавство
_2UDC
999 _c334612
_d334612